000 00483nam a2200181Ia 4500
005 20250326124855.0
008 250326s9999 xx 000 0 und d
037 _aTextbook
040 _aFMSL
_beng
_cFMSL
041 _aeng
_2eng
084 _aX:8D K5
_qFMSL
100 _aLal B B
245 0 _aFicial control in a welfare state
_cLal B B
260 _aNew Delhi
_bNew Delhi, M I B G I
_c1965
300 _a128p
942 _cTB
_hX:8D K5
999 _c1275590
_d1275590